| 000 | 01133aaa a2200241 a 4500 | ||
|---|---|---|---|
| 003 | BLK | ||
| 005 | 20240216100249.0 | ||
| 007 | ta | ||
| 008 | 221104b bu |||||r|||| 00| | bu d | ||
| 040 | _aBLK | ||
| 041 |
_aBUL _cBUL |
||
| 080 |
_aБългарска литература _b821.163.2 _z(01) _x821.163.2(01) |
||
| 100 |
_9367642 _aГечева, Кръстина Минчева |
||
| 245 |
_aБиблиография на Стефан Гечев _cКръстина Гечева |
||
| 300 | _aX, № 34, 1 - 7 ноем. 2000, с. 16 | ||
| 653 |
_9197392 _aСтефан Гечев |
||
| 773 | 0 |
_tЛИТЕРАТУРЕН ВЕСТНИК _dФондация Литературен вестник 1990 _w292192 _x1310-9561 _i. // |
|
| 856 |
_i0.00 _linternal use only _fБиблиография на Стефан Гечев _qjpg _uhttp://185.138.176.146:18082/cgi-bin/koha/opac-retrieve-file.pl?id=1150807675d34da81caad92832b3965f _xpicjpg _zБиблиография на Стефан Гечев |
||
| 942 |
_2udc _cSTA _n0 |
||
| 944 |
_cВася Ганчева _k30542 _lРусанова Ирена |
||
| 999 |
_c503638 _d503638 |
||
| 999 | _d503638 | ||
| 999 | _d503638 | ||